Wise grandma duck
| Format: | Book |
|---|---|
| Published: |
Toronto :
Bantam Books ,
1986
|
| Series: | Walt Disney fun-to-read library
|
| Subjects: |
MARC
| LEADER | 00000cam a2200000 7i4500 | ||
|---|---|---|---|
| 001 | 0000005721 | ||
| 002 | 000006185 | ||
| 005 | 20000330.0 | ||
| 020 | |a T000000480 | ||
| 090 | 0 | 0 | |a JR |b JF |
| 245 | 0 | 0 | |a Wise grandma duck |
| 260 | |a Toronto : |b Bantam Books , |c 1986 | ||
| 300 | |a Pagination varies | ||
| 490 | 0 | |a Walt Disney fun-to-read library | |
| 650 | 0 | 0 | |a Children's stories |
| 999 | |a 22750 |b BUKU |c JUNIOR REFERENCE |e PERPUSTAKAAN KOMUNITI PETALING JAYA | ||